000 00876 a2200277 4500
003 OSt
005 20180116192353.0
008 120601t xxu||||| |||| 00| 0 eng d
010 _a 86012131
020 _a0030010780 (pbk.)
020 _a9780030765469
040 _c0
082 0 0 _a745.4
100 1 _aZelanski, Paul.
_93481
245 1 0 _aShaping space :
_bthe dynamics of three-dimensional design /
_cPaul Zelanski, Mary Pat Fisher.
250 _a2nd
260 _aNew York :
_bHolt, Rinehart and Winston,
_cc1987.
300 _axiv, 286 p. :
_bill. (some col.) ;
_c23 cm.
650 1 0 _aDesign.
_93482
650 1 0 _aVisual perception.
_93483
650 1 0 _aSpace (Art)
_93484
650 1 0 _aRelief (Art)
_93485
700 1 _aFisher, Mary Pat,
_d1943-
_93486
942 _aSADA
_cBK
_k745.4 ZEL 1987
_2ddc
999 _c352996
_d352996